LEADER 00903nam0 2200265 450 001 000014403 005 20080716180751.0 100 $a20080716d1978----km-y0itay50------ba 101 0 $aita 102 $aIT 105 $ay-------001yy 200 1 $aDisoccupazione giovanile e azione pubblica$ela legge giovani tra utopia e assistenzialismo$fSergio Bruno 210 $aBologna$cIl Mulino$d[1978] 215 $a319 p.$d19 cm 225 2 $aUniversale paperbacks Il mulino$v78 410 0$12001$aUniversale paperbacks Il mulino 610 1 $aGiovani$aOccupazione$aInterventi pubblici 676 $a331.13$9Occupazione e disoccupazione 700 1$aBruno,$bSergio$0342948 801 0$aIT$bUNIPARTHENOPE$c20080716$gRICA$2UNIMARC 912 $a000014403 951 $a824/24$b5598$cNAVA2 951 $a824/36$b6161$cNAVA2 996 $aDisoccupazione giovanile e azione pubblica$9302036 997 $aUNIPARTHENOPE LEADER 01298nam 2200457 450 001 9910467837303321 005 20200520144314.0 010 $a1-78084-445-X 010 $a1-78084-444-1 035 $a(CKB)4330000000072243 035 $a(MiAaPQ)EBC5092352 035 $a(Au-PeEL)EBL5092352 035 $a(CaPaEBR)ebr11451895 035 $a(OCoLC)870248726 035 $a(EXLCZ)994330000000072243 100 $a20171108h20142014 uy 0 101 0 $aeng 135 $aurcnu|||||||| 181 $2rdacontent 182 $2rdamedia 183 $2rdacarrier 200 10$aContemporary approaches to hemophilia /$fErik Berntorp 210 1$aLondon, England :$cFuture Medicine,$d2014. 210 4$dİ2014 215 $a1 online resource (115 pages) $ccolor illustrations, tables 311 $a1-78084-446-8 320 $aIncludes bibliographical references. 606 $aHemophilia 606 $aHemophilia$xDiagnosis 608 $aElectronic books. 615 0$aHemophilia. 615 0$aHemophilia$xDiagnosis. 676 $a616.1572 700 $aBerntorp$b Erik$0923237 801 0$bMiAaPQ 801 1$bMiAaPQ 801 2$bMiAaPQ 906 $aBOOK 912 $a9910467837303321 996 $aContemporary approaches to hemophilia$92071794 997 $aUNINA LEADER 01070nam 2200361 450 001 9910138445603321 005 20221024071716.0 010 $a953-51-6076-1 035 $a(CKB)3230000000075750 035 $a(NjHacI)993230000000075750 035 $a(EXLCZ)993230000000075750 100 $a20221024d2011 uy 0 101 0 $aeng 135 $aur||||||||||| 181 $ctxt$2rdacontent 182 $cc$2rdamedia 183 $acr$2rdacarrier 200 00$aChallenges and Paradigms in Applied Robust Control /$fedited by Andrzej Bartoszewicz 210 1$aRijeka :$cInTech,$d2011. 210 4$dİ2011 215 $a1 online resource (xi, 474 pages) $cillustrations 311 $a953-307-338-1 320 $aIncludes bibliographical references. 606 $aRobust control 615 0$aRobust control. 676 $a629.8312 702 $aBartoszewicz$b Andrzej 801 0$bNjHacI 801 1$bNjHacl 906 $aBOOK 912 $a9910138445603321 996 $aChallenges and Paradigms in Applied Robust Control$92216503 997 $aUNINA